Tài liệu bồi dưỡng giáo viên môn Giáo dục công dân lớp 9 Bài 2
Sparad:
| Huvudupphovsman: | |
|---|---|
| Materialtyp: | Bok |
| Språk: | Undetermined |
| Publicerad: |
H.
Giáo dục
|
| Länkar: | http://lrc.tdmu.edu.vn/opac/search/detail.asp?aID=2&ID=21113 |
| Taggar: |
Lägg till en tagg
Inga taggar, Lägg till första taggen!
|
| Thư viện lưu trữ: | Trung tâm Học liệu Trường Đại học Thủ Dầu Một |
|---|
| LEADER | 00695nam a2200181Ia 4500 | ||
|---|---|---|---|
| 001 | TDMU_21113 | ||
| 008 | 210410s9999 xx 000 0 und d | ||
| 082 | |a 373.23683 | ||
| 090 | |b T103 | ||
| 100 | |a Bộ giáo dục và Đào tạo. Vụ giáo dục trung học | ||
| 245 | 0 | |a Tài liệu bồi dưỡng giáo viên môn Giáo dục công dân lớp 9 | |
| 245 | 0 | |c Bộ giáo dục và Đào tạo. Vụ giáo dục trung học | |
| 245 | 0 | |n Bài 2 | |
| 245 | 0 | |p Tự chủ | |
| 260 | |a H. | ||
| 260 | |b Giáo dục | ||
| 856 | |u http://lrc.tdmu.edu.vn/opac/search/detail.asp?aID=2&ID=21113 | ||
| 980 | |a Trung tâm Học liệu Trường Đại học Thủ Dầu Một | ||